Самые высокие вершины горных систем мира - Statistics

General Stats
  • This quiz has been taken 42 times
  • The average score is 4 of 62
Answer Stats
Горная система Континент/остров Высота Вершина % Correct
Гималаи Евразия 8848 Джомолунгма
97%
Кавказ Евразия 5642 Эльбрус
54%
Каракорум Евразия 8614 Чогори
38%
Восточно-Африканское плоскогорье Африка 5895 Килиманджаро
38%
Альпы Евразия 4810 Монблан
35%
Урал Евразия 1895 Народная
24%
Крымские горы Евразия 1545 Роман-Кош
14%
Кордильеры Северная Америка 6961 Денали
14%
Анды Южная Америка 6961 Аконкагуа
14%
Большой Водораздельный Хребет Австралия 2228 Косцюшко
14%
Тянь-Шань Евразия 7439 Пик Победы
11%
Алтай Евразия 4506 Белуха
11%
Японские Альпы Хонсю 3776 Фудзияма
11%
Иранское нагорье Евразия 5604 Демавенд
8%
Саяны Евразия 3491 Мунку-Сардык
8%
Хребет Черского Евразия 3003 Победа
5%
Куньлунь Евразия 7723 Улугмузтаг
3%
Гиндукуш Евразия 7708 Тиричмир
3%
Памир Евразия 7649 Конгур
3%
Йеменские горы Евразия 3666 Эн-Наби-Шуайб
3%
Монгольский Алтай Евразия 4362 Мунх-Хайрхан
3%
Западные Гаты Евразия 2695 Анай-Муди
3%
Балканы Евразия 2376 Ботев
3%
Аппенины Евразия 2912 Корно-Гранде
3%
Пиренеи Евразия 3404 Ането
3%
Карпаты Евразия 2655 Герлаховски-Штит
3%
Барисан Суматра 3800 Керинчи
3%
Эфиопское плоскогорье Африка 4533 Рас-Дашен
3%
Южные Альпы Новая Зеландия 3724 Кука
3%
Центральный хребет Новая Гвинея 4884 Джая
3%
Горы Элсуорта Антарктида 4897 Винсон
3%
Тибет Евразия 7694 Гурла-Мандхата
0%
Скандинавские горы Евразия 2469 Галхеппиген
0%
Хибины Евразия 1201 Идычвумчорр
0%
Юра Евразия 1720 Неж
0%
Бырранга Евразия 1116 Ледниковая
0%
Верхоянский хребет Евразия 2409 Орулган
0%
Сихотэ-Алинь Евразия 2090 Тордоки-Яни
0%
Становой Хребет Евразия 2412 Скалистый Голец
0%
Становое нагорье Евразия 3073 БАМ
0%
Корякское нагорье Евразия 2453 Ледяная
0%
Колымское нагорье Евразия 1828 Невская
0%
Хребет Сунтар-Хаята Евразия 2959 Мус-Хая
0%
Хребет Джугджур Евразия 1906 Топко
0%
Яблоновый хребет Евразия 1706 Конталакский Голец
0%
Плато Путорана Евразия 1701 Камень
0%
Чукотское нагорье Евразия 1887 Исходная
0%
Срединный хребет Евразия 3607 Ичинкая Сопка
0%
Восточно-Сахалинские горы Сахалин 1609 Лопатина
0%
Горы Исикари Хоккайдо 2290 Асахи
0%
Горы Калимантан Калимантан 4095 Кинабалу
0%
Центральная Кордильера Лусон 2934 Пулог
0%
Нагорье Тибести Африка 3445 Эми-Куси
0%
Гвинейское нагорье Африка 1945 Бинтимани
0%
Драконовы горы Африка 3482 Тхабана-Нтленьяна
0%
Плоскогорье Адамава Африка 3011 Оку
0%
Нагорье Ахаггар Африка 2918 Тахат
0%
Плато Дарфур Африка 3088 Марра
0%
Атлас Африка 4167 Тубкаль
0%
Царатанана Мадагаскар 2874 Марумукутру
0%
Аппалачи Северная Америка 2037 Митчелл
0%
Трансантарктические горы Антарктида 4528 Керкпатрик
0%
No matching quizzes found
Score Distribution
Percent of People with Each Score
Percentile by Number Answered
Your Score History
You have not taken this quiz